LEADER 00920nam a2200241 i 4500 001 000000210594 003 CaOOAMICUS 005 20120202000000.0 008 120202s1952 it u000 u ita u 013 $a189407 040 $aSeMil$bita 100 1 $aDe Paoli, Domenico.$0(OLS)http://semarc/name/46355 245 13$aLa musica contemporanea /$cDomenico De Paoli. 260 $aRoma :$bStudium,$cstampa 1952. 300 $a139 p. ;$c18 cm. 490 0 $aUniversale Studium ;$v15 500 $aContiene : Appendice ; Bibliografia. 650 4$aMusica - Sec. 20.$0(OLS)http://semarc/subject/13583 830 0$aUniversale Studium ;$v15.$0(OLS)http://semarc/title/6856 850 $aSeMil 852 $aSeMil$W1$xVenegono$y1$m3Q I 172$j263515$B161041$CSeMilBibl$Z2$F172198 $81 996 $6245$aLa musica contemporanea$9(OLS)http://semarc/title/304362 996 $6260$aRoma :$bStudium$9(OLS)http://semarc/publisher/29617 LEADER 01167nam a2200217 i 4500 001 000000190649 003 CaOOAMICUS 005 20100625000000.0 008 100625s1948 it u000 u ita u 013 $a169080 040 $aSeMil$bita 245 10$aCanto d'amore :$bautobiografia di Madre Maria Cecilia di Roma religiosa della Congregazione di Gesù-Maria (1897-1929) /$ccon prefazione ed aggiunte di dom Léonce Crénier , O.S.B. (tolte da «Une vie dans le Christ») 250 $aUnica versione autorizzata di una Clarissa del Monastero di Fiesole. 260 $aTorino :$bLICE-Berruti & C.,$cstampa 1948. 300 $a334 p., [3] p. di tav. :$bill. ;$c22 cm. 600 04$aCecilia .$0(OLS)http://semarc/subject/16626 700 1 $aCrénier, Léonce.$0(OLS)http://semarc/name/69697 850 $aSeMil 852 $aSeMil$W1$xVenegono$y1$m3H IV 149$j141266$B141266$CSeMilBibl$Z2$F152851 $81 996 $6245$aCanto d'amore :$bautobiografia di Madre Maria Cecilia di Roma religiosa della Congregazione di Gesù-Maria (1897-1929)$9(OLS)http://semarc/title/274679 996 $6260$aTorino :$bLICE-Berruti & C.$9(OLS)http://semarc/publisher/32683